Marcas por sus logos #2 - Estadísticas

Estadísticas generales
  • Esta prueba ha sido intentada 524 veces
  • La puntuación promedio es 27 de 40
Estadísticas de respuestas
Imagen Respuesta % Correcto
Lacoste
94%
Movistar
94%
Whatsapp
92%
Calvin Klein
91%
Facebook
91%
Jaguar
91%
Michelin
91%
New Balance
90%
Puma
90%
Lays
87%
Louis Vuitton
84%
Jurassic Park
83%
Renault
83%
Telegram
81%
Playboy
79%
Jordan
78%
Windows
77%
Chanel
73%
Iberia
71%
Mahou
71%
Estrella Galicia
70%
Airbnb
69%
Champion
69%
Chupachups
69%
Telepizza
69%
Skoda
66%
Vinted
63%
Huawei
61%
Wallapop
58%
Asics
55%
Quicksilver
53%
Under Armour
53%
Rolling Stones
50%
Polo Ralph Lauren
40%
Reebok
39%
Yamaha
38%
Roxy
27%
Carhartt
26%
McDonald´s
19%
Levi´s
18%
No se encontraron pruebas coincidentes
Distribución de puntuación
Porcentaje de gente con cada puntuación
Porcentaje por número respondido
Historial de tus puntuaciones
No has intentado esta prueba.